| 000 | 00754nam a2200205 i 4500 | ||
|---|---|---|---|
| 001 | 120321 | ||
| 003 | ES-MaACL | ||
| 005 | 20230906191524.0 | ||
| 007 | t| | ||
| 008 | 070214s1984 sp |||| | spa d | ||
| 080 | _a860-1"19"(082.2) | ||
| 080 | _a929 Blecua, José Manuel:061.75 | ||
| 245 | 0 | 0 |
_aPoesía en honor de J.M. Blecua / _cDepartamento de Literatura española de la Facultad de Filología de la Universidad de Barcelona. |
| 260 |
_aBarcelona : _bEdicions Universitat de Barcelona, _c1984. |
||
| 300 |
_a182 p., [7] p. de lám. ; _c25 cm. |
||
| 650 | 4 |
_aPoesías españolas- _yS.XX. _916221 |
|
| 700 | 1 |
_aBlecua, José Manuel. _929459 |
|
| 710 | 2 |
_aUniversidad de Barcelona. _bFacultad de Filología. _9174497 |
|
| 852 | 4 |
_aES-MaACL _jL-7715 |
|
| 999 |
_c120321 _d120321 |
||